La buena vida

Narra la historia de cuatro habitantes de la ciudad de Santiago de Chile, cuyas vidas se entrecruzan en lugares públicos pero que difícilmente llegan a verse o a comunicarse entre sí. Sumidos en la vorágine urbana, cada uno de ellos persigue una finalidad: Teresa, una psicóloga social que orienta a...

Descripción completa

Guardado en:
Autor Principal: Wood, Andrés.
Autor Corporativo: Wood Producciones.
Otros Autores: Hassan, Mamoun; Guion., Bazaes, Rodrigo; Guion., Küppenheim, Aline; Reparto., Farias, Roberto; Reparto., Paxeco, Eduardo; Reparto., Sotelo, Paula ; Reparto., Martelli, Manuela; Reparto.
Formato: Deslizar
Idioma:Undetermined
Publicado: Chile, 2008.
Materias:
Etiquetas: Agregar Etiqueta
Sin Etiquetas, Sea el primero en etiquetar este registro!
LEADER 01656ngm a22002775a 4500
001 CEM.cems020256
008 230710s2008####xx#---############vlund#d
005 20230710212445.0
245 1 0 |a La buena vida  |h [videograbación] /  |c Andrés Wood. 
260 |a Chile,  |c 2008. 
300 |a 108'. 
520 |a Narra la historia de cuatro habitantes de la ciudad de Santiago de Chile, cuyas vidas se entrecruzan en lugares públicos pero que difícilmente llegan a verse o a comunicarse entre sí. Sumidos en la vorágine urbana, cada uno de ellos persigue una finalidad: Teresa, una psicóloga social que orienta a mujeres en situación de riesgo: Edmundo, un estilista que aún vive con su madre y que anhela tener un automóvil; Mario, un joven clarinetista llegado de Berlín que desea entrar a la Filarmónica; y Patricia, quien sólo sobrevive a cargo de un bebé y que está muy enferma. Cuatro historias basadas en hechos reales, muy disímiles pero que coinciden en las peripecias y contradicciones de la vida en una urbe sudamericana. 
538 |a Soporte: DVD -- Formato: DVD – Peso: 4.23gb -- Resolución: 720 x 480 -- 29.97 fps 
590 |a Identificación anterior: 91 
100 1 |a Wood, Andrés. 
700 1 |a Hassan, Mamoun; Guion. 
700 1 |a Bazaes, Rodrigo; Guion. 
700 1 |a Küppenheim, Aline; Reparto. 
700 1 |a Farias, Roberto; Reparto. 
700 1 |a Paxeco, Eduardo; Reparto. 
700 1 |a Sotelo, Paula ; Reparto. 
700 1 |a Martelli, Manuela; Reparto. 
710 2 |a Wood Producciones. 
653 |a LARGOMETRAJE 
653 |a FICCIÓN 
859 |a CEMS  |b BIB. CEMS - Depto. Recursos Didacticos  |h 778.5  |i WOO-1  |k DRD  |p 3047.23  |t Ej.1